Passejades guiades :
Publicado:
Barcelona :
Diputació de Barcelona. Àrea d'Espais Naturals : Xarxa de Parcs Naturals ,
2010
Descripción Física:
Fulletons : il·lustracions ; 21 cm
Colección:
Itineraris guiats
Materias:
Parc d'Olèrdola (Catalunya) -- Guies
; Parc d'Olèrdola (Catalunya)
; Parc del Foix (Catalunya) -- Guies
; Parc del Foix (Catalunya)
; Parc del Garraf (Catalunya) -- Guies
; Parc del Garraf (Catalunya)
; Fulletons
Idioma:
Catalán
MARC
| LEADER | 00000nam a2200000 a 4500 | ||
|---|---|---|---|
| 001 | 23257, 23440, 23956, 23734, 25744, 26116, 26346, 27415, 28394 | ||
| 003 | Arxiu | ||
| 005 | 20260324181511.0 | ||
| 008 | 160829c2010 spca xx s cat c | ||
| 017 | |a B 4959-2019 | ||
| 017 | |a B 3813-2018 | ||
| 017 | |a B 4449-2022 | ||
| 017 | |a B 6364-2023 | ||
| 040 | |a AGDB | ||
| 041 | |a cat | ||
| 080 | |a FU-59-70, FU-61-28, FU-62-105, FU-62-123 | ||
| 080 | |a FU-70-9 | ||
| 080 | |a FU-71-41 | ||
| 080 | |a FU-72-27 | ||
| 110 | 1 | |a Barcelona (Catalunya : Província). |9 7250 |b Xarxa de Parcs Naturals | |
| 245 | 1 | 0 | |a Passejades guiades : |c Parc del Garraf, Parc d'Olèrdola, Parc del Foix |
| 246 | |a Passejades guiades : |b Parcs del Garraf, d'Olèrdola i del Foix | ||
| 246 | |a Passejades guiades i altres activitats : |b El Garraf, Olèrdola i el Foix com no els havies vist mai | ||
| 246 | |a Passejades guiades i altres activitats : |b Parc del Garraf, Parc del Foix i Parc d'Olèrdola | ||
| 260 | |a Barcelona : |b Diputació de Barcelona. Àrea d'Espais Naturals : |b Xarxa de Parcs Naturals ; |c 2010- | ||
| 300 | |a Fulletons : |b il·lustracions ; |c 21 cm | ||
| 310 | |a Anual | ||
| 362 | |a 2010- | ||
| 490 | 1 | |a Itineraris guiats | |
| 590 | |a A partir de l'any 2012: Parcs del Garraf, d'Olèrdola i del Foix | ||
| 610 | 2 | 0 | |a Parc d'Olèrdola (Catalunya) |v Guies |9 52941 |
| 610 | 2 | 0 | |a Parc d'Olèrdola (Catalunya) |9 13549 |
| 610 | 2 | 0 | |a Parc del Foix (Catalunya) |v Guies |9 7314 |
| 610 | 0 | |a Parc del Foix (Catalunya) |9 52674 | |
| 610 | 1 | 0 | |a Parc del Garraf (Catalunya) |v Guies |9 52677 |
| 610 | 0 | |a Parc del Garraf (Catalunya) |9 9859 | |
| 655 | 0 | |9 55858 |a Fulletons | |
| 710 | 1 | |a Barcelona (Catalunya : Província). |b Gerència de Serveis d’Espais Naturals |9 52730 | |
| 830 | 0 | |9 55838 |a Itineraris guiats | |
| 866 | |a 2010 | ||
| 866 | |a 2012-2019 | ||
| 866 | |a 2022 | ||
| 866 | |a 2023 | ||
| 901 | |a Arxiu | ||
| 942 | |n 1 |2 udc |c ARXIU | ||
| 952 | |0 0 |1 0 |4 0 |7 1 |9 55105 |a Arxiu |b Arxiu |d 2011-09-16 |h 2010 |o FU-59-70 |p 23257 |r 2016-12-01 00:00:00 |w 2016-12-01 |y ARXIU | ||
| 952 | |0 0 |1 0 |4 0 |6 FU6946 |7 1 |9 61780 |a Arxiu |b Arxiu |d 2022-05-18 |h 2017 |o FU-69-46 |p 25562 |r 2022-05-18 00:00:00 |w 2022-05-18 |y ARXIU | ||
| 952 | |0 0 |1 0 |4 0 |6 FU6991 |7 1 |9 62103 |a Arxiu |b Arxiu |d 2022-05-30 |h 2015 |o FU-69-91 |p 25711 |r 2022-05-30 00:00:00 |w 2022-05-30 |y ARXIU | ||
| 952 | |0 0 |1 0 |4 0 |6 FU709 |7 1 |9 62134 |a Arxiu |b Arxiu |d 2022-06-01 |h 2016 |o FU-70-9 |p 25744 |r 2022-06-01 00:00:00 |w 2022-06-01 |y ARXIU | ||
| 952 | |0 0 |1 0 |4 0 |6 PDL |7 1 |9 62511 |a Arxiu |b Arxiu |d 2022-06-22 |h 2017 |l 0 |o PDL |p 26041 |r 2022-06-22 00:00:00 |w 2022-06-22 |y ARXIU | ||
| 952 | |0 0 |1 0 |4 0 |6 FU7141 |7 1 |9 62604 |a Arxiu |b Arxiu |d 2022-07-01 |h 2019 |l 0 |o FU-71-41 |p 26116 |r 2022-07-01 00:00:00 |w 2022-07-01 |y ARXIU | ||
| 952 | |0 0 |1 0 |4 0 |6 FU7227 |7 1 |9 63188 |a Arxiu |b Arxiu |d 2022-07-26 |h 2018 |l 0 |o FU-72-27 |p 26346 |r 2022-07-26 00:00:00 |w 2022-07-26 |y ARXIU | ||
| 952 | |0 0 |1 0 |4 0 |6 FU7464 |7 1 |9 65355 |a Arxiu |b Arxiu |d 2023-02-28 |h 2022 |o FU-74-64 |p 27415 |r 2023-02-28 00:00:00 |w 2023-02-28 |y ARXIU | ||
| 952 | |0 0 |1 0 |4 0 |6 FU6128 |7 1 |9 65378 |a Arxiu |b Arxiu |d 2023-02-28 |h 2012 |l 0 |o FU-61-28 |p 23440 |r 2023-02-28 00:00:00 |w 2023-02-28 |y ARXIU | ||
| 952 | |0 0 |1 0 |4 0 |7 1 |9 65409 |a Arxiu |b Arxiu |d 2023-03-01 |h 2013 |o FU-62-105 |p 23956 |r 2023-03-01 00:00:00 |w 2023-03-01 |y ARXIU | ||
| 952 | |0 0 |1 0 |4 0 |7 1 |9 65410 |a Arxiu |b Arxiu |d 2023-03-01 |h 2014 |o FU-62-123 |p 23734 |r 2023-03-01 00:00:00 |w 2023-03-01 |y ARXIU | ||
| 952 | |0 0 |1 0 |4 0 |6 FU7642 |7 1 |9 96766 |a Arxiu |b Arxiu |d 2024-02-29 |h 2023 |l 0 |o FU-76-42 |p 28394 |r 2024-02-29 00:00:00 |w 2024-02-29 |y ARXIU | ||
| 999 | |c 58977 |d 58977 | ||